10 Least Populous Prefectures of Japan - Statistics

General Stats
  • This quiz has been taken 148 times
  • The average score is 8 of 10
Answer Stats
Population Answer % Correct
991,947 Kagawa
90%
585,494 Tottori
90%
846,787 Saga
89%
758,469 Kochi
88%
712,292 Shimane
87%
780,236 Tokushima
82%
1,074,858 Akita
81%
802,906 Fukui
81%
995,010 Wakayama
75%
857,459 Yamanashi
70%
No matching quizzes found
Score Distribution
Percent of People with Each Score
Percentile by Number Answered
Your Score History
You have not taken this quiz